Statistiques concernant Pays les plus proches de la Turquie - une minute sprint

Cliquez ici pour prendre le quiz!

Statistiques générales

  • Ce quiz a été pris 117 fois
  • Le résultat moyen est 13 sur 20

Statistiques - réponses

kmpays% Correct
0Grèce
89%
0Irak
89%
0Syrie
87%
0Arménie
84%
0Bulgarie
84%
0Iran
84%
0Azerbaïdjan
82%
0Géorgie
82%
136Russie
72%
285Israël
66%
125Liban
64%
69Chypre
60%
198Roumanie
59%
420Albanie
55%
342Jordanie
55%
366Ukraine
50%
274Macédoine
du Nord
49%
322Serbie
47%
388Kosovo
41%
387Moldavie
37%

Distribution des résultats

Percentile par nombre de réponses

% des personnes avec chaque résultat

Votre développement - résultats

Vous n’avez pas pris ce quiz